| Tag |
First Indicator |
Second Indicator |
Subfields |
| LEADER |
00000cam a2200000 i 4500 |
| 001 |
in00005668521 |
| 008 |
810204s1791 stkac 000 e eng d |
| 005 |
20251103212954.1 |
| 035 |
|
|
|a (OCoLC)ocm07103270
|
| 040 |
|
|
|a SNC
|b eng
|c SNC
|d OCLCQ
|d OCLCG
|d KRTAS
|d UBC
|d AMAZN
|d OCLCF
|d OCLCQ
|d OCLCO
|d AUD
|d PAU
|d OCLCQ
|d OCLCO
|d OCLCL
|d OCLCQ
|d OCLCL
|d OCLCQ
|d TXA
|
| 035 |
|
|
|a (OCoLC)7103270
|
| 043 |
|
|
|a e-uk-st
|
| 050 |
|
4 |
|a DA890 E3
|b C74 1791
|
| 082 |
0 |
4 |
|a 828.6
|b C913
|
| 245 |
0 |
0 |
|a Edinburgh fugitive pieces.
|
| 246 |
1 |
7 |
|a Fugitive pieces
|
| 250 |
|
|
|a [1st edition.]
|
| 264 |
|
1 |
|a Edinburgh :
|b Printed for William Creech and T. Cadell, London,
|c M.DCC.XCI. [1791]
|
| 300 |
|
|
|a vi pages, 3 unnumbered pages, 6-300 pages :
|b illustrations, portrait ;
|c 21 x 11 cm (8vo)
|
| 336 |
|
|
|a text
|b txt
|2 rdacontent
|
| 337 |
|
|
|a unmediated
|b n
|2 rdamedia
|
| 338 |
|
|
|a volume
|b nc
|2 rdacarrier
|
| 340 |
|
|
|m 8vo
|2 rdabf
|
| 500 |
|
|
|a Edited by William Creech.
|
| 500 |
|
|
|a Signatures: *A, B-Oo⁴ Pp²
|
| 500 |
|
|
|a Errata on page [2] of unnumbered sequence.
|
| 500 |
|
|
|a The Cushing Library/Rare Books copy was acquired as part of the Lois Goddard Morrison Collection of Eighteenth Century Literature.
|5 TXA
|
| 510 |
4 |
|
|a English short title catalogue,
|c T102224
|
| 650 |
|
0 |
|a Scottish literature
|z Scotland
|z Edinburgh.
|
| 650 |
|
0 |
|a English literature
|x Scottish authors.
|
| 651 |
|
0 |
|a Edinburgh (Scotland)
|x History.
|
| 651 |
|
0 |
|a Edinburgh (Scotland)
|x Description and travel.
|
| 650 |
|
7 |
|a Travel.
|2 fast
|0 (OCoLC)fst01155558
|
| 651 |
|
7 |
|a Scotland
|z Edinburgh.
|2 fast
|0 (OCoLC)fst01205145
|1 https://id.oclc.org/worldcat/entity/E39PBJt8kwmMFGyb3pfx96VXBP
|
| 655 |
|
7 |
|a History.
|2 fast
|0 (OCoLC)fst01411628
|
| 655 |
|
7 |
|a Essays.
|2 lcgft
|
| 700 |
1 |
|
|a Creech, William,
|d 1745-1815,
|e editor,
|e bookseller.
|1 https://id.oclc.org/worldcat/entity/E39PBJfX3Y64kqt8wR6xRD4cyd
|
| 700 |
1 |
|
|a Cadell, Thomas,
|d 1773-1836,
|e bookseller.
|1 https://id.oclc.org/worldcat/entity/E39PBJdCvYxc6G6jqgrrbv4yVC
|
| 752 |
|
|
|a Scotland
|d Edinburgh.
|
| 752 |
|
|
|a England
|d London.
|
| 776 |
0 |
8 |
|i Online version:
|a Creech, William, 1745-1815.
|t Edinburgh fugitive pieces.
|b 1st ed.
|d Edinburgh : Printed for William Creech and T. Cadell, London, 1791
|w (OCoLC)644491095
|
| 938 |
|
|
|a AMAZON
|b AMZN
|n B002HJ2XQQ
|
| 938 |
|
|
|a Kirtas Technologies, Inc.
|b KRTS
|n 545860
|
| 029 |
1 |
|
|a AU@
|b 000006528981
|
| 994 |
|
|
|a Z0
|b TXA
|
| 948 |
|
|
|h HELD BY TXA - 34 OTHER HOLDINGS
|
| 999 |
f |
f |
|s d2f51ccb-f855-4806-800a-49f461acc85d
|i 0a539983-90cb-4b1a-85a5-69645bf285ae
|t 0
|
| 952 |
f |
f |
|p noncirc
|a Texas A&M University
|b College Station
|c Cushing Memorial Library & Archives
|d Cushing: Rare Books (Does not check out)
|t 0
|e DA890 E3 C74 1791
|h Library of Congress classification
|i unmediated -- volume
|m A1485341687E
|
| 998 |
f |
f |
|a DA890 E3 C74 1791
|t 0
|l Cushing: Rare Books (Does not check out)
|